| 000 | 00751nam a2200229 u 4500 | ||
|---|---|---|---|
| 005 | 20251106063906.0 | ||
| 008 | 190926s1994 sp r 000 0 spa d | ||
| 020 | _a8476423756 | ||
| 035 | _aUPN01000233119 | ||
| 040 |
_aMX-MxUPN _bspa _cMX-MxUPN |
||
| 050 |
_aLB1570 _bU7.5 |
||
| 100 | 1 |
_aUría Rodríguez, María Esther _944384 |
|
| 245 | 1 | 3 |
_aLa evaluación, un elemento del diseño y desarrollo curricular / _cMa. Esther Uría Rodríguez, Concepción Ciscar Mifsud. |
| 260 |
_aValencia : _bNau Llibres, _c1994. |
||
| 300 | _a97 p. | ||
| 490 |
_a Currículum y LOGSE ; _v6 |
||
| 650 | 4 |
_aEvaluación curricular _91717 |
|
| 700 | 1 |
_aCíscar Mifsud, Concepción _eautor _944278 |
|
| 905 | _aLibro | ||
| 942 |
_2lcc _cLIBRO |
||
| 999 |
_c205214 _d205214 |
||